Movie by Repeated Quote IV Quiz Stats

 Plays Quiz Updated May 23, 2017

Challenge
Share
Tweet
Embed
Score 0/18 Timer 05:00
12 Plays Today
% Correct
Rogue One: A Star Wars Story
96.1%
Frozen
90.2%
Napoleon Dynamite
88%
Titanic
87.4%
Pirates of the Caribbean: At World's End
82.9%
Dead Poets Society
82.1%
Home Alone
79.6%
Finding Dory
69.8%
The Princess Bride
68.3%
% Correct
Despicable Me
63.4%
Back to the Future Part II
59.8%
Gone Girl
58.5%
Memento
57.6%
Monsters, Inc.
55.7%
Inside Llewyn Davis
54.3%
E.T. the Extra-Terrestrial
50.9%
Swingers
49%
The Princess and the Frog
47.3%

You're not logged in!

Compare scores with friends on all Sporcle quizzes.
OR
Log In

You Might Also Like...

Show Comments

Extras

Top Quizzes Today


Score Distribution

Your Account Isn't Verified!

In order to create a playlist on Sporcle, you need to verify the email address you used during registration. Go to your Sporcle Settings to finish the process.

Report this User

Report this user for behavior that violates our Community Guidelines.

Details: